|
|
|
|
| LEADER |
00826pam a22002178a 4500 |
| 001 |
00026052 |
| 005 |
20171026081025.0 |
| 008 |
110813s2004 ||||||engsd |
| 041 |
0 |
# |
|a eng
|
| 082 |
1 |
4 |
|a 428
|b V308N
|
| 110 |
1 |
# |
|a Human development sector reports east asia and the pacific region the world bank
|
| 245 |
0 |
0 |
|a Vietnam. Reading and mathematics assesment study
|n vol.1
|p How measuring a achivement distribution informs education policy development
|
| 260 |
# |
# |
|a USA.
|b World bank
|c 2004
|
| 300 |
# |
# |
|a 24p.
|c 27cm.
|
| 653 |
# |
# |
|a tiếng Anh
|
| 653 |
# |
# |
|a việt nam
|
| 852 |
# |
# |
|b Kho mượn
|j KGT.0028057
|
| 852 |
# |
# |
|j KGT.0028057
|j KGT.0028058
|
| 852 |
# |
# |
|j KGT.0028057, KGT.0028058
|b Kho giáo trình
|
| 910 |
|
|
|d 13/08/2011
|
| 980 |
# |
# |
|a Trung tâm Học liệu Lê Vũ Hùng, Trường Đại học Đồng Tháp
|